Statistics for April 16th: Birthdays

Click here to take the quiz!

General Stats

  • This quiz has been taken 18 times
  • The average score is 4 of 11

Answer Stats

YearClueAnswer% Correct
1867'Invented' AirplanesWilbur Wright
93%
1947Most points in the NBAKareem Abdul-Jabbar
53%
1965Acted in MartinMartin Lawrence
53%
1971Known as 'Queen of Tejano MusicSelena
53%
1952Coaches NFL Team New England PatriotsBill Belichick
47%
1927265th PopeBenedict XVI
40%
1889Big and Famous actor in early 1900sCharlie Chaplin
40%
1924Made Pink Panthers original soundtrackHenry Mancini
33%
1940Queen of DenmarkMargrethe II
7%
1993Made album Acid RapChance the Rapper
0%
1918Actor in 3 MusketeersSpike Milligan
0%

Score Distribution

Percentile by Number Answered

Percent of People with Each Score

Your Score History

You have not taken this quiz